Statistics for WWE Move Match lV

Click here to take the quiz!

General Stats

  • This quiz has been taken 167 times
  • The average score is 41 of 63

Answer Stats

HintAnswer% Correct
Zig-ZagDolph Ziggler
99%
SpearEdge
95%
SpearRoman Reigns
93%
Skull-Crushing FinaleThe Miz
93%
RKORandy Orton
90%
YES! LockDaniel Bryan
89%
Attitude AdjustmentJohn Cena
89%
619Rey Mysterio
89%
WMD (KO Punch)Big Show
88%
Go To SleepCM Punk
88%
ChokeslamKane
88%
Tombstone PiledriverUndertaker
88%
PedigreeTriple H
86%
5 Star Frog SplashRob Van Dam
85%
Stunner"Stone Cold" Steve Austin
85%
Rock BottomThe Rock
85%
Cross RhodesCody Rhodes
84%
Angle SlamKurt Angle
84%
Sweet Chin MusicShawn Michaels
84%
Brogue KickSheamus
84%
F5Brock Lesnar
83%
Swanton BombJeff Hardy
83%
Rough RyderZack Ryder
83%
Sister AbigailBray Wyatt
82%
Trouble in ParadiseKofi Kingston
82%
Twist of FateMatt Hardy
82%
SharpshooterBret Hart
81%
Dirty DeedsDean Ambrose
81%
Mr. SockoMick Foley
80%
CobraSantino Marella
78%
KillswitchChristian
77%
Patriot LockJack Swagger
76%
Figure Four LeglockRic Flair
76%
Curve StompSeth Rollins
75%
Shell ShockRyback
74%
Big EndingBig E
73%
NeutrilizerAntonio Cesaro
72%
Black WidowAJ Lee
70%
Bull HammerBad News Barret
65%
Perfect-PlexMr. Perfect
65%
Superfly SplashThe Usos
65%
The AcolateAlexander Rusev
60%
SharpshooterNatalya
59%
Discus ClotheslineLuke Harper
53%
Future ShockDrew Mcintyre
50%
The Curtain CallGoldust
49%
Party FoulAdam Rose
45%
SpearBatista
42%
DDTJake "The Snake" Roberts
42%
Hangman's FacebusterCurtis Axel
41%
You're WelcomeDamien Sandow
40%
PTOPaige
38%
MoonsaultLita
36%
Running SplashErick Rowan
35%
Diving Leg DropFandango
35%
Gorilla-Press SlamUltimate Warrior
33%
Leap of FaithShane Mcmahon
28%
Smash HitHeath Slater
23%
Full-Nelson SlamJinder Mahal
18%
Tadpole SplashHornswaggle
14%
Heel KickSummer Rae
7%
GoreEl Torito
5%
Roundhouse KickLayla
3%

Score Distribution

Percentile by Number Answered

Percent of People with Each Score

Your Score History

You have not taken this quiz